000 00340nam a2200157Ia 4500
100 _aShah/Sharanam/ Shah/Vaishali
650 _aJava
942 _cBK
366 _f20
245 _aJava EE project using EJB 3
260 _bShroff Publ.
_c2009
082 _a5.133
_bSHA
300 _a1129
546 _aENGLISH
_cComputers
999 _c31009
_d31009